| 000 | 00524nam a2200169 a 4500 | ||
|---|---|---|---|
| 001 | 000039695 | ||
| 005 | 20201002033702.0 | ||
| 008 | 130716s2013 ec 000 0 spa d | ||
| 020 | _a9789978983553 | ||
| 040 |
_aDO-SdBNP _bspa _cBNPHU |
||
| 100 | 1 |
_aEspinosa, María Fernanda _965888 |
|
| 245 | 1 | 0 |
_aGeografías torturadas / _cMaría Fernánda Espinosa. |
| 260 |
_aQuito : _bPlaneta del Ecuador, _c2013. |
||
| 300 |
_a97 p. ; _c22 cm. |
||
| 490 | 1 | _aSeix Barral los Tres Mundos | |
| 830 | 0 |
_aSeix Barral los Tres Mundos _965889 |
|
| 999 |
_c39185 _d39185 |
||